Statistics for 50 Random Cities on a World Map

Click here to take the quiz!

General Stats

  • This quiz has been taken 197 times
  • The average score is 45 of 50

Answers on the Map

Answers color-coded by a green-red scale on the quiz's map according to % correct below.
 

Answer Stats

Answer% Correct
Addis Ababa
100%
Algiers
100%
Caracas
100%
Delhi
100%
Houston
100%
Khartoum
100%
Lagos
100%
London
100%
Los Angeles
100%
Melbourne
100%
Mexico City
100%
Moscow
100%
Perth
100%
Stockholm
100%
St Petersburg
100%
Dubai
93%
Dublin
93%
Helsinki
93%
Buenos Aires
92%
Paris
92%
Rome
92%
Beijing
91%
New York City
91%
Seattle
91%
Warsaw
91%
Amsterdam
90%
Brussels
90%
Madrid
90%
Shanghai
90%
Tehran
90%
Toronto
90%
Cape Town
89%
Manila
89%
Miami
89%
Milan
89%
Sao Paulo
89%
Seoul
89%
Singapore
89%
Tokyo
89%
Tunis
89%
Bogota
88%
Cairo
88%
Kiev
88%
Baku
86%
Colombo
86%
Detroit
86%
Glasgow
85%
Lima
85%
Baghdad
83%
Ho Chi Minh City
83%
Istanbul
83%
Kabul
83%
Mumbai
83%
Oslo
83%
Jakarta
82%
Jeddah
82%
Kuala Lumpur
82%
Luanda
82%
Nairobi
82%
Berlin
80%
Johannesburg
80%
Bangkok
78%
Riyadh
78%
Taipei
78%
Auckland
77%
Denver
77%
Karachi
77%
Kathmandu
77%
Kinshasa
75%
Bangalore
73%
Hanoi
71%
Honolulu
71%
Casablanca
70%
Dar es Salaam
70%
Dhaka
70%
Brasilia
67%
Guangzhou
67%
Dakar
63%
Almaty
60%
Durban
60%
Guayaquil
60%
Yekaterinburg
55%
Kolkata
50%
Chengdu
44%
Novosibirsk
38%

Score Distribution

Percentile by Number Answered

Percent of People with Each Score

Your Score History

You have not taken this quiz